Moving beyond the classroom : (Record no. 13093)

MARC details
000 -LEADER
fixed length control field 00932nam a22002412 4500
001 - CONTROL NUMBER
control field 0000007567
005 - DATE AND TIME OF LATEST TRANSACTION
control field 20151217155834.0
008 - FIXED-LENGTH DATA ELEMENTS--GENERAL INFORMATION
fixed length control field 080215s xx 000 0 eng d
020 ## - INTERNATIONAL STANDARD BOOK NUMBER
International Standard Book Number 9966908331 :
Terms of availability KES
040 ## - CATALOGING SOURCE
Original cataloging agency KABU
Transcribing agency KABU
100 1# - MAIN ENTRY--PERSONAL NAME
Personal name Mushi, Philemon A. K.
-- 0000158826
245 10 - TITLE STATEMENT
Title Moving beyond the classroom :
Remainder of title expanding learning opportunities for marginalized populations in Tanzania /
Statement of responsibility, etc. Philemon A. K. Mushi, George A. Malekela, Eustella P. Bhalalusesa.
260 ## - PUBLICATION, DISTRIBUTION, ETC. (IMPRINT)
Place of publication, distribution, etc. Nairobi :
Name of publisher, distributor, etc. FAWE,
Date of publication, distribution, etc. 2002.
300 ## - PHYSICAL DESCRIPTION
Extent iv, 76 p.
650 #0 - SUBJECT ADDED ENTRY--TOPICAL TERM
Topical term or geographic name as entry element Non-formal education
Geographic subdivision Tanzania.
-- 0000158827
650 #0 - SUBJECT ADDED ENTRY--TOPICAL TERM
Topical term or geographic name as entry element People with social disabilities
General subdivision Education
Geographic subdivision Tanzania.
-- 0000158828
650 #0 - SUBJECT ADDED ENTRY--TOPICAL TERM
Topical term or geographic name as entry element Women
General subdivision Education
Geographic subdivision Tanzania.
-- 0000158829
700 1# - ADDED ENTRY--PERSONAL NAME
Personal name Malekela, George A.
-- 0000158830
700 1# - ADDED ENTRY--PERSONAL NAME
Personal name Bhalalusesa, Eustella P.
-- 0000158831
908 ## - PUT COMMAND PARAMETER (RLIN)
Put command parameter 080215
950 ## - LOCAL HOLDINGS (RLIN)
-- 1
Holdings
Withdrawn status Lost status Source of classification or shelving scheme Not for loan Home library Current library Date acquired Total Checkouts Full call number Barcode Date last seen Price effective from Koha item type
    Library of Congress Classification   Kabarak, Main Campus Kabarak, Main Campus 17/12/2015   LC45.8 T3M87 012132 17/12/2015 17/12/2015 Africana Collection
Designed with assistance from East African Informatics Ltd